000 00343nam a2200121Ia 4500
008 190216s9999||||xx |||||||||||||| ||und||
100 _aDavid Mcclanahan & Rayowens
245 0 _aComplete Foxpro 2.5 Language Reference
260 _bBpb Publications
_c1993
300 _a527p
650 _a"Computer Programming. Programs, Data"
942 _cBK
999 _c8443
_d8443